000 01051nam a22002175i 4500
001 152056
003 ES-MaACL
005 20250824080222.0
008 051010s1865 sp | |||||||| ||spa d
040 _aCAM
_bspa
_cCAM
100 1 _aBerzosa, Roberto.
_9125973
245 1 0 _aJack Spard
_b: drama en dos actos divididos en ocho cuadros, en prosa /
_carreglado del francés por Roberto Berzosa.
260 _aMadrid :
_b[s.n.],
_c1865 (
_fImprenta de José Rodriguez)
300 _a76 p. ;
_c19 cm.
490 1 _aEl Teatro: Galería Dramática y Lírica
500 _aEn port.: Estrenado en el Teatro de Novedades, el día 3 de febrero de 1866.
598 _aEn verso de prot. consta: "Los comisionados de a Galería dramática y lírica titulada El Teatro ..."
830 0 3 _aEl teatro: galería dramática y lírica
_9221290
852 _aES-MaACL
_jF-8593(13)
_z-- Enc. pasta española, falto de la enc. original
_z-- Enc. en un vol. facticio formando parte de la col. facticia "Teatro español moderno", vol. 46
999 _c152056
_d152056